Oh, the place you'll go! / (Record no. 6494)

MARC details
000 -LEADER
fixed length control field 00889nam a22002897a 4500
001 - CONTROL NUMBER
control field 6494
003 - CONTROL NUMBER IDENTIFIER
control field FISKH
005 - DATE AND TIME OF LATEST TRANSACTION
control field 20250506124358.0
008 - FIXED-LENGTH DATA ELEMENTS--GENERAL INFORMATION
fixed length control field 250506b cb ||||| |||| 00| 0 eng d
020 ## - INTERNATIONAL STANDARD BOOK NUMBER
International Standard Book Number 9780007158522
040 ## - CATALOGING SOURCE
Original cataloging agency FISKH
Language of cataloging eng
Transcribing agency FISKH
Modifying agency FISKH
050 ## - LIBRARY OF CONGRESS CALL NUMBER
Classification number PZ8.G276 O
082 ## - DEWEY DECIMAL CLASSIFICATION NUMBER
Classification number 813.54
100 ## - MAIN ENTRY--PERSONAL NAME
Personal name Dr.Seuss
Dates associated with a name (1904–1991)
245 ## - TITLE STATEMENT
Title Oh, the place you'll go! /
Statement of responsibility, etc. By Dr, Seuss
250 ## - EDITION STATEMENT
Edition statement This edition first published in 1990
260 ## - PUBLICATION, DISTRIBUTION, ETC.
Place of publication, distribution, etc. London :
Name of publisher, distributor, etc. HarperCollins,
Date of publication, distribution, etc. 1990
300 ## - PHYSICAL DESCRIPTION
Extent 44 pages :
Other physical details color illustrations ;
Dimensions 23 cm
505 ## - FORMATTED CONTENTS NOTE
Formatted contents note P<br/>
520 ## - SUMMARY, ETC.
Summary, etc. Advice in rhyme for proceeding in life; weathering fear, loneliness, and confusion; and being in charge of your actions.<br/>
521 8# - TARGET AUDIENCE NOTE
Target audience note 600<br/>
Source Lexile<br/>
521 8# - TARGET AUDIENCE NOTE
Target audience note P<br/>
Source Raz-Plus<br/>
650 ## - SUBJECT ADDED ENTRY--TOPICAL TERM
Source of heading or term Children's
Topical term or geographic name entry element Future
650 ## - SUBJECT ADDED ENTRY--TOPICAL TERM
Source of heading or term Rhyming
Topical term or geographic name entry element Graduation
942 ## - ADDED ENTRY ELEMENTS (KOHA)
Source of classification or shelving scheme Dewey Decimal Classification
Koha item type Books
Suppress in OPAC No
Holdings
Withdrawn status Lost status Source of classification or shelving scheme Damaged status Not for loan Collection Home library Current library Shelving location Date acquired Total Checkouts Full call number Barcode Date last seen Date last checked out Copy number Price effective from Koha item type
    Dewey Decimal Classification     Juvenile Fiction Footprints International School Library Network Toul Tom Poung Campus Footprints International School Library Network Toul Tom Poung Campus TTP Primary Yellow Bookshelves 05/06/2025 1 SEU 813.54 PZ8.G276 O 2025-1166 04/10/2026 03/25/2026 1 05/06/2025 Books